000 00465nam a2200169 i 4500
001 140794
003 ES-MaACL
005 20240516063051.0
007 t|
008 070917s1913 xxk ||||1| eng d
100 0 _aWells, H. G.,
_d1866-1946
_9116458
245 1 4 _aThe war of the worlds /
_cH. G. Wells.
260 _aLondon :
_bWilliam Heinemann,
_c1913.
300 _a192 p. ;
_c17 cm.
852 _aES-MaACL
_jD-2432
999 _c140794
_d140794